| 000 | 00979cac a2200301 i 4500 | ||
|---|---|---|---|
| 003 | EG-ScBUE | ||
| 005 | 20240924125217.0 | ||
| 008 | 131217s2008 enka f 000 0 eng d | ||
| 020 | _a9781847761620 | ||
| 040 |
_a EG-ScBUE _beng _erda _c EG-ScBUE _dEG-ScBUE |
||
| 082 | 0 | 4 |
_a512.12 _bALG _222 |
| 245 | 0 | 0 |
_aAlgebra and geometry / _cCompiled by Youssef F. Rashed, Mohammad Tawfik , Khaled Salem. |
| 264 | 1 |
_aHarlow : _bPearson Education Limited, _c2008. |
|
| 300 |
_a450 pages : _billustrations ; _c28 cm |
||
| 336 |
_2rdacontent _atext _btxt |
||
| 337 |
_aunmediated _2rdamedia _bn |
||
| 338 |
_avolume _bnc _2rdacarrier |
||
| 590 | _aDoha Ragab | ||
| 650 | 7 |
_aAlgebra. _94334 _2BUEsh |
|
| 650 | 7 |
_aGeometry. _91878 _2BUEsh |
|
| 651 | _2BUEsh | ||
| 653 | _cDecember2013 | ||
| 655 |
_vReading book _934232 |
||
| 700 | 1 |
_aRashed, Youssef F., _ecollector. _934670 |
|
| 700 | 1 |
_aTawfik, Mohammad, _ecollector. _934671 |
|
| 700 | 1 |
_aSalem, Khaled, _ecollector. _92177 |
|
| 942 |
_cBB _2ddc |
||
| 999 |
_c8400 _d8400 |
||